| 000 | 01249nam a2200205Ia 4500 | ||
|---|---|---|---|
| 003 | Ost | ||
| 005 | 20260507075034.0 | ||
| 008 | 260507s9999||||xx |||||||||||||| ||und|| | ||
| 040 | _cfsecg | ||
| 041 | _aara | ||
| 082 | _a330 | ||
| 100 |
_aالعلاق، بشير عباس _eمؤلف |
||
| 245 | 0 |
_aالإستراتيجيات التسويقية في الأنترنت / _c بشير عباس العلاق |
|
| 260 |
_aعمان: _bدار المناهج للنشر والتوزيع, _c2003 |
||
| 300 |
_a211 صفحة؛ _bإيضاحات ؛ _c24 سم |
||
| 520 | _aإستخدام الأنترنت في صياغة وتنفيذ إستراتيجيات تطوير المنتجات والخدمات- قنوات التوزيع المبتكرة في عصر الانترنت-إمكانيات وفرص إستخدام قدرات الأنترنت في تفعيل إستراتيجيات التسعير- تحسين كفاءة وفعالية الإتصالات التسويقية في عصر الانترنت- الإعلان عبر الانترنت- الإستراتيجيات التسويقية في الأنترنت | ||
| 653 | _aالتسويق الإلكتروني | ||
| 653 | _aالتسويق، الإستراتيجية التنافسية | ||
| 942 | _cكتاب | ||
| 999 |
_c42437 _d42437 |
||